00838nam a2200277 4500006001800000007001500018008004100033020002700074040001200101044000800113082001800121100004400139240002600183245003800209250001200247260003500259300002200294440003000316500002000346504002700366650002600393700003600419700003700455852000700492856006100499a||||go||d| 00| 0cr |||||||||||861201s1984 enka o 001 0 eng d a9780408011365c(ebook) aKObeng aenk00a623.872362191 aPounder, C. Coulsonq(Cuthbert Coulson)10aMarine diesel engines10aPounder's Marine diesel engines / a6th ed. aLondon :bButterworths,c1984. a1 online resource 0aMarine engineering series aIncludes index. aIncludes bibliography. 0aMarine diesel motors.1 aWilbur, C. T.q(Christopher T.)1 aWight, D. A.q(Donald Alexander) aKO40uhttps://www.sciencedirect.com/science/book/9780408011365